000 00569nam a2200181Ia 4500
003 GCL
008 140319s9999 xx 000 0 ara d
040 _aGCL /
_cGCL
082 0 4 _a811.6
_bح ش
100 1 _aداود سلوم
245 1 0 _aشعر ابن مفرغ الحميرى :
_bت 69 هـ \ 689 م /
_cداود سلوم
260 _aالعراق :
_bمكتبة الاندلس للنشر والتوزيع ،
_c1968
300 _a237 ص ؛
_c25 سم
490 _a
650 0 4 _aالشعر العربى
650 0 4 _aالادب العربى
942 _2ddc
_cBK
999 _c39538
_d39538